Statistics for Taylor Swift Charting Songs (Billboard Hot 100)

Click here to take the quiz!

General Stats

  • This quiz has been taken 196 times
    (18 since last reset)
  • The average score is 94 of 165

Answer Stats

AlbumWeeks OnPeakArtist(s)Song% Correct
Lover20 Weeks#2Taylor Swift ft. Brendon UrieME!
100%
198950 Weeks#1 (4 Weeks)Taylor SwiftShake It Off
93%
198925 Weeks#1 (1 Week)Taylor Swift ft. Kendrick LamarBad Blood
93%
198936 Weeks#1 (7 Weeks)Taylor SwiftBlank Space
93%
Red1 Week#80Taylor SwiftAll Too Well
93%
folklore14 Weeks#1 (1 Week)Taylor Swiftcardigan
93%
Red (Taylor's Version)9 Weeks#1 (1 Week)Taylor SwiftAll Too Well (Taylor's Version)
93%
Fearless49 Weeks#4Taylor SwiftLove Story
86%
Fearless15 Weeks#9Taylor SwiftFearless
86%
Fearless (Taylor's Version)1 Week#75Taylor SwiftYou Belong with Me (Taylor's Version)
86%
Red22 Weeks#6Taylor SwiftRed
86%
198932 Weeks#6Taylor SwiftStyle
86%
Fearless (Taylor's Version)1 Week#71Taylor SwiftFearless (Taylor's Version)
86%
folklore6 Weeks#4Taylor Swiftthe 1
86%
Fearless (Taylor's Version)2 Weeks#11Taylor SwiftLove Story (Taylor's Version)
86%
Speak Now23 Weeks#3Taylor SwiftMine
86%
Red (Taylor's Version)2 Weeks#25Taylor SwiftRed (Taylor's Version)
86%
Fearless50 Weeks#2Taylor SwiftYou Belong With Me
86%
evermore20 Weeks#1 (1 Week)Taylor Swiftwillow
86%
folklore1 Week#58Taylor Swiftpeace
79%
Speak Now20 Weeks#11Taylor SwiftMean
79%
Red (Taylor's Version)1 Week#55Taylor SwiftWe Are Never Ever Getting Back Together (Taylor's Version)
79%
Red (Taylor's Version)1 Week#52Taylor Swift22 (Taylor's Version)
79%
Speak Now1 Week#75Taylor SwiftEnchanted
79%
Red (Taylor's Version)1 Week#77Taylor SwiftBegin Again (Taylor's Version)
79%
Red (Taylor's Version)1 Week#46Taylor SwiftI Knew You Were Trouble (Taylor's Version)
79%
Red20 Weeks#20Taylor Swift22
79%
1989 (Taylor's Version)1 Week#37Taylor SwiftWildest Dreams (Taylor's Version)
79%
Lover21 Weeks#2Taylor SwiftYou Need To Calm Down
79%
Red20 Weeks#7Taylor SwiftBegin Again
79%
Fifty Shades Darker23 Weeks#2Zayn & Taylor SwiftI Don't Wanna Live Forever
79%
Red36 Weeks#2Taylor SwiftI Knew You Were Trouble.
79%
reputation.20 Weeks#1 (3 Weeks)Taylor SwiftLook What You Made Me Do
79%
198927 Weeks#5Taylor SwiftWildest Dreams
79%
folklore5 Weeks#6Taylor Swift ft. Bon Iverexile
79%
Red24 Weeks#1 (3 Weeks)Taylor SwiftWe Are Never Ever Getting Back Together
79%
Lover22 Weeks#10Taylor SwiftLover
79%
Fearless (Taylor's Version)3 Weeks#30Taylor SwiftMr. Perfectly Fine (Taylor's Version) (From the Vault)
71%
reputation.35 Weeks#12Taylor SwiftDelicate
71%
folklore2 Weeks#23Taylor Swiftaugust
71%
folklore2 Weeks#26Taylor Swiftmirrorball
71%
Speak Now1 Week#71Taylor SwiftLast Kiss
71%
Speak Now20 Weeks#13Taylor SwiftOurs
71%
folklore1 Week#71Taylor Swifthoax
71%
folklore2 Weeks#42Taylor Swiftbetty
71%
Speak Now12 Weeks#41Taylor SwiftThe Story of Us
71%
folklore2 Weeks#13Taylor Swiftthe last great american dynasty
71%
Lover8 Weeks#23Taylor SwiftThe Man
64%
Lover2 Weeks#29Taylor SwiftCruel Summer
64%
Fearless (Taylor's Version)2 Weeks#51Taylor Swift ft. Maren MorrisYou All Over Me (Taylor's Version) (From the Vault)
64%
Lover1 Week#51Taylor SwiftI Think He Knows
64%
Red20 Weeks#32Taylor Swift ft. Ed SheeranEverything Has Changed
64%
Taylor Swift20 Weeks#40Taylor SwiftTim McGraw
64%
Lover3 Weeks#38Taylor SwiftThe Archer
64%
Fearless (Taylor's Version)1 Week#88Taylor SwiftFifteen (Taylor's Version)
64%
reputation.20 Weeks#4Taylor Swift...Ready For It?
64%
Fearless21 Weeks#23Taylor SwiftFifteen
64%
Red (Taylor's Version)1 Week#54Taylor SwiftTreacherous (Taylor's Version)
64%
AT&T Team USA Soundtrack3 Weeks#10Taylor SwiftChange
64%
Speak Now World Tour - Live1 Week#85Taylor SwiftLong Live
64%
Speak Now3 Weeks#8Taylor SwiftSpeak Now
64%
Fearless22 Weeks#13Taylor SwiftWhite Horse
64%
folklore2 Weeks#37Taylor Swiftinvisible string
64%
Taylor Swift36 Weeks#16Taylor SwiftOur Song
64%
reputation.4 Weeks#13Taylor SwiftGorgeous
64%
Red (Taylor's Version)1 Week#63Taylor Swift ft. Ed SheeranEverything Has Changed (Taylor's Version)
64%
Speak Now2 Weeks#63Taylor SwiftHaunted
64%
Fearless1 Week#87Taylor Swift ft. Colbie CaillatBreathe
64%
Fearless1 Week#94Taylor SwiftHey Stephen
64%
Lover1 Week#49Taylor SwiftMiss Americana & the Heartbreak Prince
57%
Fearless1 Week#72Taylor SwiftThe Way I Loved You
57%
Red (Taylor's Version)1 Week#90Taylor SwiftStarlight (Taylor's Version)
57%
Fearless (Taylor's Version)1 Week#65Taylor SwiftForever & Always (Taylor's Version)
57%
Speak Now1 Week#56Taylor SwiftBetter Than Revenge
57%
evermore1 Week#67Taylor Swiftdorothea
57%
folklore1 Week#39Taylor Swiftthis is me trying
57%
Fearless (Taylor's Version)1 Week#94Taylor SwiftThe Way I Loved You (Taylor's Version)
57%
Valentine's Day18 Weeks#2Taylor SwiftToday Was A Fairytale
57%
evermore2 Weeks#21Taylor Swiftchampagne problems
57%
reputation.14 Weeks#18Taylor Swift ft. Ed Sheeran & FutureEnd Game
57%
Speak Now20 Weeks#6Taylor SwiftBack to December
57%
Speak Now20 Weeks#17Taylor SwiftSparks Fly
57%
Taylor Swift48 Weeks#13Taylor SwiftTeardrops On My Guitar
57%
Fearless3 Weeks#34Taylor SwiftForever & Always
57%
reputation2 Weeks#27Taylor SwiftCall It What You Want
50%
Red (Taylor's Version)2 Weeks#18Taylor SwiftState of Grace (Taylor's Version)
50%
Red1 Week#64Taylor SwiftThe Moment I Knew
50%
evermore1 Week#57Taylor Swift ft. Bon Iverevermore
50%
Lover1 Week#57Taylor SwiftCornelia Street
50%
evermore2 Weeks#34Taylor Swift ft. HAIMno body, no crime
50%
Red (Taylor's Version)1 Week#67Taylor SwiftStay Stay Stay (Taylor's Version)
50%
Speak Now1 Week#54Taylor SwiftDear John
50%
Red1 Week#91Taylor SwiftStay Stay Stay
50%
Red (Taylor's Version)1 Week#69Taylor SwiftBabe (Taylor's Version) (From the Vault)
50%
Lover1 Week#89Taylor SwiftDaylight
50%
Red (Taylor's Version)1 Week#83Taylor SwiftThe Moment I Knew (Taylor's Version)
50%
Bigger2 Weeks#72Sugarland ft. Taylor SwiftBabe
50%
Red (Taylor's Version)9 Weeks#45Taylor SwiftMessage in a Bottle (Taylor's Version) (From the Vault)
50%
folklore2 Weeks#16Taylor Swiftmy tears ricochet
50%
Red1 Week#13Taylor SwiftState of Grace
50%
Lover2 Weeks#28Taylor SwiftI Forgot That You Existed
50%
folklore1 Week#47Taylor Swiftmad woman
50%
Speak Now1 Week#27Taylor SwiftInnocent
50%
1989 (Deluxe)8 Weeks#46Taylor SwiftNew Romantics
50%
Non-Album Single2 Weeks#16Taylor SwiftRonan
50%
Lover1 Week#45Taylor SwiftPaper Rings
50%
Red (Taylor's Version)1 Week#47Taylor Swift ft. Ed SheeranRun (Taylor's Version) (From the Vault)
50%
Lover1 Week#75Taylor SwiftAfterglow
50%
Red1 Week#65Taylor SwiftI Almost Do
43%
198910 Weeks#18Taylor SwiftOut of the Woods
43%
The Hunger Games: Songs from District 12 and Beyond13 Weeks#19Taylor SwiftEyes Open
43%
Lover1 Week#67Taylor SwiftDeath By a Thousand Cuts
43%
evermore1 Week#75Taylor Swiftmarjorie
43%
Fearless5 Weeks#11Taylor SwiftYou're Not Sorry
43%
Hannah Montana: The Movie8 Weeks#17Taylor SwiftCrazier
43%
Red (Taylor's Version)1 Week#79Taylor SwiftForever Winter (Taylor's Version) (From the Vault)
43%
folklore2 Weeks#35Taylor Swiftseven
43%
Red (Taylor's Version)1 Week#61Taylor SwiftThe Very First Night (Taylor's Version) (From the Vault)
43%
Lover1 Week#62Taylor SwiftLondon Boy
43%
folklore1 Week#57Taylor Swiftepiphany
43%
19892 Weeks#48Taylor SwiftWelcome to New York
43%
Red (Taylor's Version)1 Week#51Taylor SwiftBetter Man (Taylor's Version) (From the Vault)
43%
Red (Taylor's Version)1 Week#43Taylor Swift ft. Phoebe BridgersNothing New (Taylor's Version) (From the Vault)
43%
Red (Taylor's Version)2 Weeks#22Taylor Swift ft. Chris StapletonI Bet You Think About Me (Taylor's Version) (From the Vault)
43%
evermore2 Weeks#39Taylor Swift'tis the damn season
43%
Fearless2 Weeks#23Taylor SwiftThe Other Side of the Door
43%
Taylor Swift20 Weeks#33Taylor SwiftShould've Said No
43%
Red (Taylor's Version)1 Week#59Taylor SwiftI Almost Do (Taylor's Version)
43%
evermore1 Week#61Taylor Swiftivy
43%
Red (Taylor's Version)1 Week#87Taylor SwiftCome Back... Be Here (Taylor's Version)
43%
folklore1 Week#44Taylor Swiftillicit affairs
43%
Speak Now1 Week#84Taylor SwiftNever Grow Up
36%
Red (Taylor's Version)1 Week#84Taylor SwiftThe Lucky One (Taylor's Version)
36%
1989 (Deluxe)1 Week#83Taylor SwiftYou Are In Love
36%
evermore1 Week#82Taylor Swiftclosure
36%
Red (Taylor's Version)1 Week#85Taylor SwiftSad Beautiful Tragic (Taylor's Version)
36%
Fearless1 Week#30Taylor SwiftCome In With The Rain
36%
The Hunger Games: Songs from District 12 and Beyond17 Weeks#30Taylor Swift ft. The Civil WarsSafe & Sound
36%
evermore1 Week#40Taylor Swiftgold rush
36%
Lover1 Week#77Taylor SwiftFalse God
36%
Red (Taylor's Version)1 Week#76Taylor SwiftHoly Ground (Taylor's Version)
36%
Taylor Swift20 Weeks#28Taylor SwiftPicture to Burn
36%
Speak Now2 Weeks#10Taylor SwiftIf This Was a Movie
36%
evermore1 Week#45Taylor Swifttolerate it
36%
How Long Do You Think It's Gonna Last?1 Week#73Big Red Machine ft. Taylor SwiftRenegade
36%
Non-Album Single5 Weeks#62Taylor SwiftChristmas Tree Farm (Old Timey Version)
36%
Speak Now1 Week#26Taylor SwiftSuperman
36%
1989 (Deluxe)1 Week#51Taylor SwiftWonderland
36%
Fearless1 Week#26Taylor SwiftSuperStar
36%
Strange Clouds19 Weeks#18B.o.B. ft. Taylor SwiftBoth of Us
36%
evermore1 Week#52Taylor Swifthappiness
36%
Two Lanes of Freedom20 Weeks#22Tim McGraw with Taylor SwiftHighway Don't Care
36%
Lover1 Week#92Taylor SwiftIt's Nice to Have a Friend
36%
Fearless2 Weeks#19Taylor SwiftUntouchable
36%
Non-Album Single1 Week#59Taylor SwiftChristmas Tree Farm
36%
evermore1 Week#63Taylor Swift ft. The Nationalconey island
36%
Fearless3 Weeks#10Taylor SwiftJump Then Fall
29%
Lover1 Week#63Taylor Swift ft. Dixie ChicksSoon You'll Get Better
29%
evermore1 Week#68Taylor Swiftlong story short
29%
Red (Taylor's Version)1 Week#66Taylor Swift ft. Gary LightbodyThe Last Time (Taylor's Version)
29%
Non-Album Single1 Week#50Taylor SwiftOnly the Young
29%
evermore1 Week#71Taylor Swiftcowboy like me
21%
Love Drunk21 Weeks#18Boys Like Girls ft. Taylor SwiftTwo Is Better Than One
14%
One Change: The Incredible True Story of Paul Potts1 Week#34Taylor SwiftSweeter Than Fiction
14%
Hope for Haiti Now1 Week#72Taylor SwiftBreathless
0%

Score Distribution

Percentile by Number Answered

Percent of People with Each Score

Your Score History

You have not taken this quiz since the last reset